| 000 | 00637nam a22001937a 4500 | ||
|---|---|---|---|
| 999 |
_c187554 _d187554 |
||
| 005 | 20220422170532.0 | ||
| 010 | _aENG-132362 | ||
| 020 | _c110.00 | ||
| 035 | _aEN-115894 | ||
| 037 | _bDBAD/PUB | ||
| 082 | _a233.47 | ||
| 100 | _aSubramaniyan, Chandrika | ||
| 245 |
_aLord of Dance: _bAtoms,Arts & Abode/ _cChandrika Subramaniyan |
||
| 260 |
_aMalaysia _bThirupeedam Pathippagam _c2016 |
||
| 270 |
_aThirumurugan Thiruvakku Thirupeedam pataling Jaya _bMalaysia _mthirupeedam@hotmail.com |
||
| 300 |
_a143p. _c22cm(pbk) _bAnnexure, Reference |
||
| 700 | _aBhattacharya, Madhumita | ||
| 942 |
_2ddc _cEN _h233.47 _mSUB |
||